| 000 | 00334nam a2200133Ia 4500 | ||
|---|---|---|---|
| 005 | 20251222143243.0 | ||
| 008 | 251222s9999||||xx |||||||||||||| ||spa|| | ||
| 082 | _a301/A93 | ||
| 100 | _aAyala, Francisco | ||
| 245 | 0 | _aIntroducción a las Ciencias Sociales | |
| 250 | _a1ra.ed. | ||
| 264 | _bCirculo de Lectores, S.A. | ||
| 942 | _cLIB | ||
| 999 |
_c14640 _d14640 |
||